AIDS : (Record no. 12938)

000 -LEADER
fixed length control field 00761cam a2200217 a 4500
020 ## - INTERNATIONAL STANDARD BOOK NUMBER
ISBN 0899081908 (lib.)
020 ## - INTERNATIONAL STANDARD BOOK NUMBER
ISBN 0899081657 (pbk.)
040 ## - CATALOGING SOURCE
Transcribing agency DLC
082 00 - DEWEY DECIMAL CLASSIFICATION NUMBER
Classification number 362 GRE 1992 A014 Or.
245 00 - TITLE STATEMENT
Title AIDS :
Remainder of title opposing viewpoints /
260 ## - PUBLICATION, DISTRIBUTION, ETC. (IMPRINT)
Place of publication San Diego, CA :
Name of publisher Greenhaven Press,
Year of publication c1992.
300 ## - PHYSICAL DESCRIPTION
Number of Pages 215 p. :
Other physical details ill. ;
Dimensions 23 cm.
490 1# - SERIES STATEMENT
Series statement Opposing viewpoints series
520 ## - SUMMARY, ETC.
Summary, etc Includes articles that present different viewpoints on such aspects of AIDS as the seriousness of the problem, moral issues, prevention, and treatment. Includes critical thinking activities.
650 #0 - SUBJECT ADDED ENTRY--TOPICAL TERM
Topical Term AIDS (Disease)
650 #1 - SUBJECT ADDED ENTRY--TOPICAL TERM
Topical Term AIDS (Disease)
650 #1 - SUBJECT ADDED ENTRY--TOPICAL TERM
Topical Term Critical thinking.
700 1# - ADDED ENTRY--PERSONAL NAME
Personal name Biskup, Michael D.,
700 1# - ADDED ENTRY--PERSONAL NAME
Personal name Swisher, Karin,
942 ## - ADDED ENTRY ELEMENTS (KOHA)
Koha item type សៀវភៅភាសាអង់គ្លេស
952 ## - LOCATION AND ITEM INFORMATION (KOHA)
Withdrawn status [LOCAL, KOHA] 0
Holdings
Permanent Location Date acquired Koha item type Lost status Shelving location Barcode Current Location Full call number
Library Block A2017-08-18សៀវភៅភាសាអង់គ្លេស A076A06621Library Block A362 GRE 1992 A076 Or.
មជ្ឈមណ្ឌលឯការនៃសាកលវិទ្យាល័យភូមិន្ទកសិកម្មចំការដូង

Powered by Koha